[Event "24th ECh U20"]
[Site "Siofok HUN"]
[Date "1996.??.??"]
[Round "4"]
[White "Belozerov, Andrei"]
[Black "Del Rio Angelis, Salvador Gabriel"]
[Result "0-1"]
[WhiteElo "2455"]
[BlackElo "2325"]
[EventDate "1996.08.30"]
[PlyCount "92"]

1.d4 Nf6 2.c4 e6 3.Nf3 c5 4.d5 d6 5.Nc3 exd5 6.cxd5 g6 7.e4 a6 8.a4 Bg4 9.
Be2 Bxf3 10.Bxf3 Bg7 11.O-O O-O 12.Bf4 Qe7 13.Re1 Nbd7 14.Qc2 Ne8 15.Be2 
Ne5 16.Bg3 Qc7 17.f4 Nd7 18.Bc4 Nef6 19.h3 Rae8 20.a5 Qd8 21.Bh2 Nh5 22.g4
Bd4+ 23.Kh1 Nhf6 24.Bf1 Re7 25.Bg2 Ne8 26.Ne2 Bg7 27.Ng1 Nc7 28.Nf3 Rfe8 
29.e5 Nxd5 30.Qd2 Nb4 31.exd6 Rxe1+ 32.Rxe1 Rxe1+ 33.Qxe1 Bxb2 34.Ne5 Nf6 
35.Nc4 Bd4 36.Bxb7 Qd7 37.Bf3 Qa4 38.Qe2 Nc2 39.g5 Nd7 40.Bg4 Qa1+ 41.Kg2 
Ne1+ 42.Kg3 Qc3+ 43.Kh4 h5 44.Bg3 {[#]} 44...Bf2 45.Qxf2 hxg4 46.Ne5 {[#]}
46...Nf3+ 0-1

[Event "24th ECh U20"]
[Site "Siofok HUN"]
[Date "1996.??.??"]
[Round "4"]
[White "Lehmann, Zoltan"]
[Black "Krakops, Maris"]
[Result "1/2-1/2"]
[WhiteElo "2285"]
[BlackElo "2440"]
[EventDate "1996.08.30"]
[PlyCount "126"]

1.d4 Nf6 2.c4 g6 3.Nc3 Bg7 4.e4 d6 5.f3 O-O 6.Bg5 c5 7.d5 e6 8.Nge2 exd5 
9.Nxd5 Be6 10.Nec3 Bxd5 11.cxd5 Nbd7 12.Qd2 a6 13.a4 Qa5 14.Ra3 Qb4 15.a5 
b5 16.axb6 Rfe8 17.Be2 Nxb6 18.Qc1 Nfxd5 19.Bd2 Ne7 20.Nd1 Bh6 21.Ne3 Qd4 
22.Rd3 Qa4 23.Ng4 Bg7 24.Bc3 Nd7 25.Rxd6 h5 26.Bxg7 Kxg7 27.Qc3+ Kh7 28.
Nf6+ Nxf6 29.Qxf6 Kg8 30.O-O Qb3 31.Kh1 Rab8 32.Bxa6 Qxb2 33.Bc4 Qxf6 34.
Rxf6 Rb4 35.Bxf7+ Kg7 36.Bxe8 Kxf6 37.Rc1 c4 38.Kg1 Ke5 39.Kf2 Rb2+ 40.Ke3
Rb3+ 41.Kd2 Kd4 {[#]} 42.Rxc4+ Kxc4 43.Bf7+ Kb4 44.Bxb3 Kxb3 45.Kd3 Nc6 
46.h4 Kb4 47.Ke3 Kc5 48.Kf4 Kd6 49.Kg5 Ne7 50.Kf6 Kd7 51.g4 Ke8 52.gxh5 
gxh5 53.Kg5 Kf7 54.Kxh5 Kf6 55.Kg4 Ng8 56.Kf4 Nh6 57.Ke3 Nf7 58.f4 Nh6 59.
Kd4 Ke6 60.h5 Ng4 61.f5+ Kf6 62.Kd5 Ne3+ 63.Kd6 Nxf5+ 1/2-1/2

[Event "24th ECh U20"]
[Site "Siofok HUN"]
[Date "1996.??.??"]
[Round "4"]
[White "Schacher, Gerd"]
[Black "Zifroni, Dov"]
[Result "0-1"]
[WhiteElo "2235"]
[BlackElo "2490"]
[EventDate "1996.08.30"]
[PlyCount "52"]

1.c4 Nf6 2.Nc3 e5 3.Nf3 Nc6 4.g3 Bc5 5.d3 O-O 6.Bg2 d6 7.O-O a6 8.a3 Nd4 
9.e3 Nxf3+ 10.Bxf3 c6 11.b4 Ba7 12.Bg2 Bg4 13.Qb3 Qd7 14.a4 Bh3 15.Qd1 d5 
16.cxd5 cxd5 17.Bxh3 Qxh3 18.Qf3 Rfd8 19.Bb2 d4 20.exd4 Bxd4 21.Rac1 Rd7 
22.Rc2 Rc8 23.Rfc1 Rdc7 24.Qg2 Qe6 25.Qf3 Qb3 26.Qe2 Bxc3 0-1

[Event "24th ECh U20"]
[Site "Siofok HUN"]
[Date "1996.??.??"]
[Round "4"]
[White "Petrov, Jole"]
[Black "Gelbmann, Norbert"]
[Result "1/2-1/2"]
[WhiteElo "2365"]
[BlackElo "2300"]
[EventDate "1996.08.30"]
[PlyCount "127"]

1.d4 Nf6 2.Nf3 g6 3.c4 Bg7 4.g3 O-O 5.Bg2 d6 6.O-O Nc6 7.Nc3 a6 8.d5 Na5 
9.b3 c5 10.dxc6 Nxc6 11.Bb2 Ne4 12.Qc1 Nc5 13.Nd5 e5 14.Rd1 Bg4 15.Qd2 Rb8
16.Rac1 Kh8 17.Ne3 Bxf3 18.Bxf3 Nd4 19.Bg2 Nce6 20.Nd5 f5 21.e3 Nc6 22.Nc3
e4 23.Qxd6 Qxd6 24.Rxd6 Nc5 25.Ba3 Nd3 26.Rxd3 exd3 27.Bxf8 Bxf8 28.Bxc6 
bxc6 29.Rd1 Rd8 30.Na4 Ba3 31.Kg2 Kg7 32.Kf3 g5 33.e4 g4+ 34.Ke3 fxe4 35.
Kxe4 Rf8 36.Rxd3 Rxf2 37.Rd7+ Kg6 38.Rc7 Re2+ 39.Kd4 Re6 40.Nc3 Bd6 41.
Rxc6 Be5+ 42.Kd5 Rxc6 43.Kxe5 Kf7 44.Nd5 Re6+ 45.Kd4 Re2 46.c5 Rc2 47.Nb4 
Rxh2 48.c6 Ke6 49.Nxa6 Rxa2 50.Nb4 Ra5 51.Nd3 Kd6 52.b4 Rg5 53.Ke4 h5 54.
Nf4 Kxc6 55.Ne6 Rg8 56.Nf4 Rf8 57.Nxh5 Rf3 58.Nf4 Kb5 59.Nd3 Rxg3 60.Ne5 
Rg1 61.Kf4 g3 62.Nf3 Rg2 63.Kg4 Kxb4 64.Kh3 1/2-1/2

[Event "24th ECh U20"]
[Site "Siofok HUN"]
[Date "1996.??.??"]
[Round "4"]
[White "Chytilek, Roman"]
[Black "Macionis, Andrius"]
[Result "1/2-1/2"]
[WhiteElo "2340"]
[BlackElo "2295"]
[EventDate "1996.08.30"]
[PlyCount "30"]

1.e4 e5 2.f4 exf4 3.Nf3 d5 4.exd5 Nf6 5.Bc4 Nxd5 6.O-O Be7 7.d4 Be6 8.Qe2 
O-O 9.Bb3 Bf6 10.Nc3 Re8 11.Ne4 Nc6 12.c3 Ne3 13.Bxe3 Bxb3 14.Bxf4 Bd5 15.
Nxf6+ Qxf6 1/2-1/2

[Event "24th ECh U20"]
[Site "Siofok HUN"]
[Date "1996.??.??"]
[Round "4"]
[White "Prohl, Holger"]
[Black "Gabrielsen, Stig"]
[Result "0-1"]
[WhiteElo "2400"]
[BlackElo "2225"]
[EventDate "1996.08.30"]
[PlyCount "80"]

1.e4 c5 2.Nf3 Nc6 3.c3 Nf6 4.e5 Nd5 5.Bc4 Nb6 6.Bb3 d5 7.d4 cxd4 8.cxd4 
Bg4 9.Be3 e6 10.O-O Be7 11.Nbd2 Rc8 12.Rc1 Bf5 13.a3 O-O 14.Qe2 Qd7 15.Ba2
Rc7 16.Nb3 Nc4 17.Bb1 Bxb1 18.Rxb1 N6a5 19.Nxa5 Nxa5 20.Rfc1 Rfc8 21.Rxc7 
Rxc7 22.Qd3 Qa4 23.Rc1 Rc4 24.h3 b5 25.Rxc4 bxc4 26.Qd2 h6 27.Kh2 Nc6 28.
Qc3 Bd8 29.Qc1 a6 30.Bd2 Na7 31.Ne1 Nb5 32.Qc2 Qb3 33.Be3 Qa2 34.Qc1 c3 
35.bxc3 Nxa3 36.Nf3 a5 37.Kg3 a4 38.Bxh6 gxh6 39.Qxh6 Qc2 40.Kh2 Nc4 0-1

[Event "24th ECh U20"]
[Site "Siofok HUN"]
[Date "1996.??.??"]
[Round "4"]
[White "Zavoronkov, Vladimir"]
[Black "Delemarre, Jop"]
[Result "1-0"]
[WhiteElo "2265"]
[BlackElo "2360"]
[EventDate "1996.08.30"]
[PlyCount "77"]

1.e4 c6 2.Nc3 d5 3.Nf3 g6 4.d4 Bg7 5.h3 Nh6 6.Bf4 f6 7.Bd3 O-O 8.Qe2 Nf7 
9.Bh2 e5 10.dxe5 fxe5 11.exd5 cxd5 12.O-O-O Nc6 13.Bc4 e4 14.Nxe4 Qb6 15.
Bxd5 Qxb2+ 16.Kd2 Nb4 17.Bxf7+ Rxf7 18.Qc4 Be6 19.Qxe6 Rd8+ 20.Bd6 Qxc2+ 
21.Ke1 Nd3+ 22.Rxd3 Qxd3 23.Nfd2 Qb5 24.Qb3 Qc6 25.Ba3 Bh6 26.f3 Qa6 27.
Nc4 Bf4 28.Bb2 b5 29.Ne5 Bxe5 30.Bxe5 Re8 31.Bb2 Qc6 32.Ke2 a5 33.Rc1 
Rxe4+ 34.fxe4 Qxe4+ 35.Kd1 Qe8 36.Rc3 a4 37.Qd5 a3 38.Rxa3 Kf8 39.Ra8 1-0

[Event "24th ECh U20"]
[Site "Siofok HUN"]
[Date "1996.??.??"]
[Round "4"]
[White "Praet, Maarten"]
[Black "Mchedlishvili, Mikheil"]
[Result "1/2-1/2"]
[WhiteElo "2235"]
[BlackElo "2370"]
[EventDate "1996.08.30"]
[PlyCount "65"]

1.e4 e6 2.d3 c5 3.Nf3 Nc6 4.g3 d5 5.Nbd2 g6 6.Bg2 Bg7 7.O-O Nge7 8.Re1 b6 
9.exd5 Nxd5 10.Nc4 O-O 11.h4 Qc7 12.Qe2 Bb7 13.h5 Rfe8 14.c3 b5 15.Nce5 
Nxe5 16.Nxe5 Nf6 17.hxg6 hxg6 18.c4 Bxg2 19.Kxg2 Nd7 20.Nxd7 Qxd7 21.Be3 
Rab8 22.Rab1 Red8 23.b3 Qc6+ 24.f3 Rd7 25.Rbd1 a5 26.Bf4 e5 27.Be3 a4 28.
cxb5 Rxb5 29.bxa4 Ra5 30.Rb1 Rd8 31.Rec1 Bf8 32.Rc4 Rxa4 33.Bg5 1/2-1/2

[Event "24th ECh U20"]
[Site "Siofok HUN"]
[Date "1996.??.??"]
[Round "4"]
[White "Barva, Attila"]
[Black "Kovacs, Gabor"]
[Result "1/2-1/2"]
[WhiteElo "2250"]
[BlackElo "2335"]
[EventDate "1996.08.30"]
[PlyCount "62"]

1.d4 Nf6 2.c4 e6 3.Nf3 b6 4.g3 Ba6 5.b3 Bb4+ 6.Bd2 Be7 7.Bg2 c6 8.Bc3 d5 
9.Ne5 Nfd7 10.Nxd7 Nxd7 11.Nd2 O-O 12.O-O Rc8 13.e4 c5 14.exd5 exd5 15.
dxc5 dxc4 16.c6 cxb3 17.Re1 Bb5 18.axb3 Bxc6 19.Bxc6 Rxc6 20.Rxa7 Bf6 21.
Ne4 Bxc3 22.Rxd7 Qc8 23.Re3 Bb4 24.Qd5 Re6 25.Rf3 Qc6 26.Qxc6 Rxc6 27.Ng5 
Rc3 28.Rxc3 Bxc3 29.Ne4 Ba1 30.Rb7 Bd4 31.Rd7 Ba1 1/2-1/2

[Event "24th ECh U20"]
[Site "Siofok HUN"]
[Date "1996.??.??"]
[Round "4"]
[White "Avdic, Adnan"]
[Black "Chekurov, Viacheslav"]
[Result "1-0"]
[WhiteElo "2090"]
[BlackElo "2425"]
[EventDate "1996.08.30"]
[PlyCount "103"]

1.e4 c5 2.Nf3 e6 3.d4 cxd4 4.Nxd4 a6 5.Bd3 Nf6 6.O-O d6 7.b3 b6 8.Bb2 Bb7 
9.Re1 Nbd7 10.f3 h5 11.c4 h4 12.Nc3 g5 13.h3 Bg7 14.Qd2 Nh5 15.Bf1 Qc7 16.
Rac1 Be5 17.Nd1 Bf4 18.Ne3 Ne5 19.Ne2 Nf6 20.Nxf4 gxf4 21.Ng4 Nh5 22.b4 
Rd8 23.c5 bxc5 24.bxc5 f6 25.cxd6 Qb6+ 26.Qf2 Qxd6 27.Bxe5 fxe5 28.Qxh4 
Qd4+ 29.Kh2 Rh7 30.Qg5 Kf8 31.Qxe5 Qxe5 32.Nxe5 Rg7 33.Red1 Ke8 34.Bc4 
Rxd1 35.Rxd1 Rg3 36.Nd3 Bc8 37.e5 Rg7 38.Nc5 Rc7 39.Ne4 Ke7 40.Rd4 Bb7 41.
Nf6 Nxf6 42.exf6+ Kxf6 43.Rxf4+ Ke5 44.Rg4 a5 45.h4 Bd5 46.Bb3 Rb7 47.Rg5+
Kd4 48.h5 Bxb3 49.axb3 e5 50.h6 Rh7 51.Rg6 Kc3 52.Rb6 1-0

[Event "24th ECh U20"]
[Site "Siofok HUN"]
[Date "1996.??.??"]
[Round "4"]
[White "Vasilev, Milen"]
[Black "Mifsud, Timothy"]
[Result "0-1"]
[WhiteElo "2250"]
[BlackElo "2230"]
[EventDate "1996.08.30"]
[PlyCount "74"]

1.d4 d5 2.c4 e6 3.Nc3 c6 4.Nf3 Nf6 5.Bg5 dxc4 6.e4 b5 7.e5 h6 8.Bh4 g5 9.
Nxg5 hxg5 10.Bxg5 Nbd7 11.exf6 Qa5 12.Qd2 Bb7 13.Be2 O-O-O 14.O-O Qc7 15.
g3 b4 16.Ne4 Nc5 17.Nxc5 Bxc5 18.Bxc4 Bxd4 19.Bf4 Qa5 20.h4 Bxf6 21.Qe3 
Bd4 22.Qe2 c5 23.Be5 Qb6 24.Kh2 Qc6 25.f3 Rhg8 26.Rac1 Bxe5 27.Qxe5 Rd2+ 
28.Kh3 Qc7 29.Bxe6+ fxe6 30.Qxe6+ Kb8 31.Qxg8+ Bc8+ 32.Qxc8+ Qxc8+ 33.g4 
Qc7 34.f4 Qc6 35.h5 Rd3+ 36.Kh4 Qf6+ 37.g5 Qf5 0-1

[Event "24th ECh U20"]
[Site "Siofok HUN"]
[Date "1996.??.??"]
[Round "4"]
[White "Lerch, Patrice"]
[Black "Nilsson, Mattias"]
[Result "0-1"]
[WhiteElo "2330"]
[BlackElo "2145"]
[EventDate "1996.08.30"]
[PlyCount "68"]

1.e4 e6 2.Nf3 d5 3.e5 c5 4.b4 cxb4 5.a3 Nc6 6.axb4 Bxb4 7.c3 Be7 8.d4 f6 
9.Bd3 fxe5 10.dxe5 Qc7 11.Qe2 Bd7 12.Na3 Nd4 13.cxd4 Qc3+ 14.Qd2 Qxa1 15.
Nb5 Rc8 16.O-O Qa4 17.Nd6+ Bxd6 18.exd6 Nf6 19.Qg5 O-O 20.Re1 Qb4 21.Bf4 
Ne4 22.Qg4 Rf6 23.Rb1 Qc3 24.Ne5 Qxd4 25.Bg3 Rxf2 26.Bxf2 Qxf2+ 27.Kh1 Qb2
28.Qf4 Nf2+ 29.Kg1 Nxd3 30.Rxb2 Nxf4 31.Nxd7 Rc1+ 32.Kf2 Nd3+ 33.Ke3 Nxb2 
34.Nf6+ Kf7 0-1

[Event "24th ECh U20"]
[Site "Siofok HUN"]
[Date "1996.??.??"]
[Round "5"]
[White "Parker, Jonathan"]
[Black "Diachkov, Sergei"]
[Result "1/2-1/2"]
[WhiteElo "2470"]
[BlackElo "2515"]
[EventDate "1996.08.30"]
[PlyCount "91"]

1.d4 c5 2.d5 d6 3.Nf3 Nf6 4.c4 e5 5.Nc3 Be7 6.e4 Nbd7 7.Bd3 O-O 8.h3 Nh5 
9.Ne2 g6 10.g4 Ng7 11.Ng3 Nf6 12.Bh6 Kh8 13.Qe2 Ng8 14.Bd2 f6 15.Bc3 Qe8 
16.O-O-O Bd8 17.Nd2 Nh6 18.Rdf1 a6 19.f4 b5 20.b3 exf4 21.Rxf4 Nf7 22.Rhf1
Ne5 23.g5 Bxh3 24.Rh1 Bc8 25.Rfh4 Nh5 26.Nxh5 gxh5 27.Bxe5 Qxe5 28.Rxh5 
Ra7 29.g6 Qc3+ 30.Bc2 Ba5 31.Rxh7+ Rxh7 32.Rxh7+ Kg8 33.Rh8+ Kg7 34.Rh7+ 
Kg8 35.g7 Re8 36.Rh8+ Kxg7 37.Rh1 Qxd2+ 38.Qxd2 Bxd2+ 39.Kxd2 b4 40.a3 a5 
41.axb4 axb4 42.Ra1 Rh8 43.Ra7+ Kh6 44.Ke3 Rg8 45.Ra8 Kg5 46.Rb8 1/2-1/2

[Event "24th ECh U20"]
[Site "Siofok HUN"]
[Date "1996.??.??"]
[Round "5"]
[White "Zifroni, Dov"]
[Black "Chytilek, Roman"]
[Result "1-0"]
[WhiteElo "2490"]
[BlackElo "2340"]
[EventDate "1996.08.30"]
[PlyCount "83"]

1.c4 g6 2.Nc3 Bg7 3.g3 Nf6 4.Bg2 O-O 5.d4 d6 6.Nf3 c6 7.O-O Qa5 8.e4 Qh5 
9.Ng5 Qxd1 10.Rxd1 Nbd7 11.f4 c5 12.e5 cxd4 13.exf6 exf6 14.Nxh7 Kxh7 15.
Nb5 Nb6 16.b3 Bg4 17.Rd2 d5 18.cxd5 Rad8 19.h3 Bc8 20.Nxa7 Rfe8 21.Bb2 f5 
22.Nxc8 Nxc8 23.Kf2 Nd6 24.Bxd4 Ne4+ 25.Bxe4 fxe4 26.Rad1 Rxd5 27.Ke3 Bh6 
28.Bf6 Ra5 29.Rd8 Rxd8 30.Rxd8 Bg7 31.Bxg7 Kxg7 32.a4 f5 33.Rd7+ Kf6 34.
Rxb7 Rd5 35.Rb6+ Kf7 36.b4 Rd3+ 37.Kf2 Rd2+ 38.Ke1 Rg2 39.g4 Rh2 40.gxf5 
gxf5 41.a5 Rxh3 42.Rb5 1-0

[Event "24th ECh U20"]
[Site "Siofok HUN"]
[Date "1996.??.??"]
[Round "5"]
[White "Shariazdanov, Andrei"]
[Black "Zulfugarli, Mahomed"]
[Result "1-0"]
[WhiteElo "2470"]
[BlackElo "2325"]
[EventDate "1996.08.30"]
[PlyCount "115"]

1.d4 Nf6 2.c4 g6 3.Nc3 Bg7 4.e4 d6 5.Be2 O-O 6.Nf3 e5 7.O-O Nc6 8.d5 Ne7 
9.b4 Nh5 10.Re1 Nf4 11.Bf1 h6 12.Nd2 a5 13.bxa5 c5 14.Nb3 Bd7 15.Bd2 g5 
16.Rb1 f5 17.Nc1 Ra7 18.Qb3 fxe4 19.Qb6 Qb8 20.Nxe4 Bf5 21.Nd3 Bxe4 22.
Rxe4 Nf5 23.Bc3 Bf6 24.Nxf4 gxf4 25.g3 Bd8 26.Qb5 Qc7 27.gxf4 Qf7 28.Kh1 
Nd4 29.Bxd4 Rxa5 30.Qb3 cxd4 31.Bh3 Kh8 32.fxe5 dxe5 33.Rxe5 Qf4 34.Qg3 
Qxg3 35.hxg3 Rxa2 36.f4 d3 37.d6 d2 38.Rd1 Rg8 39.d7 Rxg3 40.Re8+ Kg7 41.
Bf1 Ra8 42.Rxd2 Rf3 43.Bd3 Kf6 44.Be2 Rc3 45.Kg2 h5 46.Rd6+ Kg7 47.f5 Rc2 
48.f6+ Kf7 49.Kh3 Rc3+ 50.Kh4 Kg6 51.Bxh5+ Kf5 52.Bg4+ Kg6 53.Be2 Rca3 54.
Bd3+ Kf7 55.Kg5 Rxd3 56.Rxd3 Bxf6+ 57.Kf5 Bd8 58.Ke4 1-0

[Event "24th ECh U20"]
[Site "Siofok HUN"]
[Date "1996.??.??"]
[Round "5"]
[White "Kovacs, Gabor"]
[Black "Hausrath, Daniel"]
[Result "1-0"]
[WhiteElo "2335"]
[BlackElo "2440"]
[EventDate "1996.08.30"]
[PlyCount "123"]

1.e4 c5 2.Nf3 d6 3.d4 cxd4 4.Nxd4 Nf6 5.Nc3 g6 6.Be3 Bg7 7.f3 O-O 8.Qd2 
Nc6 9.O-O-O d5 10.exd5 Nxd5 11.Nxc6 bxc6 12.Nxd5 cxd5 13.Qxd5 Rb8 14.b3 
Qc7 15.Qc5 Qb7 16.Bd3 Be6 17.Qa5 Qc8 18.Bf4 Bc3 19.Qc7 Qxc7 20.Bxc7 Rbc8 
21.Bf4 Rc5 22.Bd2 Bf6 23.Be3 Rc3 24.Bd2 Rc5 25.c4 a5 26.Kc2 h5 27.Bc3 Kg7 
28.Bxf6+ Kxf6 29.Kc3 Rfc8 30.Rd2 g5 31.Re1 R5c7 32.Rde2 Rd8 33.Re5 Rcd7 
34.Bc2 h4 35.R1e2 a4 36.Ra5 axb3 37.axb3 Rd4 38.Rae5 R4d7 39.R5e3 Ra7 40.
Rd2 Rc8 41.Re1 Ra3 42.Rd4 Ra2 43.Rb1 Rc7 44.Rb2 Ra1 45.h3 Rg1 46.Bd1 Ra7 
47.Rbd2 Bf5 48.b4 e5 49.Rd6+ Ke7 50.b5 Rxg2 51.Rxg2 Kxd6 52.Rxg5 Bxh3 53.
Kb4 Ra1 54.c5+ Kd7 55.Bc2 Be6 56.Rxe5 h3 57.Rh5 Ke7 58.Be4 Ra2 59.f4 Rb2+ 
60.Ka5 h2 61.b6 Bc4 62.Bc6 1-0

[Event "24th ECh U20"]
[Site "Siofok HUN"]
[Date "1996.??.??"]
[Round "5"]
[White "Maros, Milan"]
[Black "Gyimesi, Zoltan"]
[Result "1/2-1/2"]
[WhiteElo "2255"]
[BlackElo "2480"]
[EventDate "1996.08.30"]
[PlyCount "53"]

1.e4 e5 2.Nf3 Nc6 3.Nc3 Nf6 4.Bb5 Nd4 5.Nxd4 exd4 6.e5 dxc3 7.exf6 Qxf6 8.
dxc3 Qe5+ 9.Qe2 Qxe2+ 10.Bxe2 d5 11.Bf4 c6 12.c4 Be6 13.cxd5 Bxd5 14.O-O 
f6 15.Rfe1 Kf7 16.Bd3 Bc5 17.Be3 Bxe3 18.Rxe3 Rhe8 19.Rxe8 Rxe8 20.f3 h5 
21.h4 g6 22.Kf2 f5 23.f4 Kf6 24.Rd1 Re7 25.g3 Be4 26.c3 Bxd3 27.Rxd3 
1/2-1/2

[Event "24th ECh U20"]
[Site "Siofok HUN"]
[Date "1996.??.??"]
[Round "5"]
[White "Gabrielsen, Stig"]
[Black "Nisipeanu, Liviu-Dieter"]
[Result "0-1"]
[WhiteElo "2225"]
[BlackElo "2500"]
[EventDate "1996.08.30"]
[PlyCount "64"]

1.e4 c5 2.Nf3 d6 3.d4 cxd4 4.Nxd4 Nf6 5.Nc3 a6 6.f4 e5 7.Nf3 Nbd7 8.a4 d5 
9.exd5 e4 10.Ne5 Bc5 11.Bc4 O-O 12.Qe2 Re8 13.Be3 Qb6 14.Bxc5 Qxc5 15.h3 
Nxe5 16.fxe5 Rxe5 17.g4 Bd7 18.Bb3 Rae8 19.O-O-O e3 20.Rhf1 b5 21.Rd3 b4 
22.Nd1 Ne4 23.Qxe3 Qd6 24.Qf4 f6 25.Ne3 Nc5 26.Rdd1 Nxb3+ 27.cxb3 Qc5+ 28.
Nc4 Re4 29.Qf2 {[#]} 29...Rxc4+ 30.bxc4 Qxc4+ 31.Qc2 Qa2 32.Kd2 Bxa4 0-1

[Event "24th ECh U20"]
[Site "Siofok HUN"]
[Date "1996.??.??"]
[Round "5"]
[White "Gelbmann, Norbert"]
[Black "Prohl, Holger"]
[Result "1/2-1/2"]
[WhiteElo "2300"]
[BlackElo "2400"]
[EventDate "1996.08.30"]
[PlyCount "82"]

1.e4 e6 2.d4 d5 3.Nc3 Nf6 4.e5 Nfd7 5.f4 c5 6.Nf3 Nc6 7.Be3 cxd4 8.Nxd4 
Qb6 9.Qd2 Qxb2 10.Rb1 Qa3 11.Bb5 Nxd4 12.Bxd4 Bb4 13.O-O a6 14.Rb3 Qa5 15.
Rfb1 Be7 16.Bxd7+ Bxd7 17.Kh1 b5 18.f5 Qc7 19.Qe3 Qc6 20.f6 gxf6 21.exf6 
Bd6 22.a4 b4 23.Rxb4 Bxb4 24.Rxb4 Rc8 25.Kg1 Rc7 26.Qe5 Bc8 27.a5 Rb7 28.
Bb6 Rg8 29.g3 Rg6 30.Kf1 h6 31.h4 Rd7 32.Ke1 Qd6 33.Qxd6 Rxd6 34.Bc7 Rc6 
35.Be5 Rc4 36.Rxc4 dxc4 37.Ne4 Bd7 38.Nd6+ Kf8 39.c3 Rg4 40.Kd2 Bc6 41.Ke3
Bd5 1/2-1/2

[Event "24th ECh U20"]
[Site "Siofok HUN"]
[Date "1996.??.??"]
[Round "5"]
[White "Savic, Miodrag"]
[Black "Szuk, Balazs"]
[Result "1-0"]
[WhiteElo "2345"]
[BlackElo "2350"]
[EventDate "1996.08.30"]
[PlyCount "151"]

1.e4 c5 2.Nf3 e6 3.c3 b6 4.d3 Bb7 5.Nbd2 Nf6 6.e5 Nd5 7.Ne4 Be7 8.g3 O-O 
9.Bg2 d6 10.exd6 Bxd6 11.O-O Nc6 12.d4 cxd4 13.Nxd4 Be7 14.h4 Nxd4 15.Qxd4
Qc7 16.Bg5 f6 17.Bd2 Rfd8 18.Qa4 Bc6 19.Qb3 Qb7 20.Rfe1 h6 21.Bc1 Kh8 22.
Nd2 e5 23.Nf1 Bc5 24.Bh3 Bd7 25.Bxd7 Qxd7 26.Rd1 Qf5 27.Rd2 {[#]} 27...Nf4
28.gxf4 Qg4+ 29.Kh2 Qxf4+ 30.Kh3 Qf5+ 31.Kg2 Rxd2 32.Bxd2 Qxf2+ 33.Kh3 Rd8
34.Qc4 Qf5+ 35.Qg4 Rd3+ 36.Ng3 Qxg4+ 37.Kxg4 Rxd2 38.b4 Bf8 39.h5 Rg2 40.
a4 Kg8 41.a5 b5 42.Rd1 Rc2 43.Ne4 Kf7 44.Kf5 Ke7 45.Nc5 Rf2+ 46.Kg6 Rg2+ 
47.Kh7 Ke8 48.Ne6 e4 49.Kg8 g6 50.Nc7+ Ke7 51.Nd5+ Ke8 52.Nxf6+ Ke7 53.
Nd5+ Ke8 54.Nf4 Rg3 55.Nxg6 Be7 56.Rd4 Bf6 57.Rxe4+ Kd7 58.c4 bxc4 59.Rxc4
Rg5 60.Kf7 Bd8 61.Nf8+ Kd6 62.Rd4+ Rd5 63.Ne6 Rxd4 64.Nxd4 Kd5 65.Ne6 Bh4 
66.b5 Bf2 67.Ke7 Kc4 68.Nc7 Kb4 69.b6 Bc5+ 70.Ke6 axb6 71.axb6 Ka5 72.b7 
Ba7 73.Kd7 Kb6 74.Kc8 Kc6 75.Ne8 Kd5 76.Nf6+ 1-0

[Event "24th ECh U20"]
[Site "Siofok HUN"]
[Date "1996.??.??"]
[Round "5"]
[White "Krakops, Maris"]
[Black "Barva, Attila"]
[Result "1-0"]
[WhiteElo "2440"]
[BlackElo "2250"]
[EventDate "1996.08.30"]
[PlyCount "85"]

1.e4 e6 2.d4 d5 3.Nc3 dxe4 4.Nxe4 Nd7 5.Nf3 Ngf6 6.Nxf6+ Nxf6 7.Bd3 c5 8.
dxc5 Bxc5 9.Qe2 Bd7 10.Ne5 Qc7 11.O-O O-O 12.Bf4 Bd6 13.Nxd7 Qxd7 14.Rad1 
Nd5 15.Bxd6 Qxd6 16.c4 Nf4 17.Bxh7+ Kh8 18.Qg4 Qe5 19.Bb1 f5 20.Qh4+ Kg8 
21.Rfe1 Qc7 22.g3 Ng6 23.Qg5 Rf6 24.b3 Raf8 25.Qd2 e5 26.Qd7 Qb6 27.Qd5+ 
Kh8 28.c5 Qc7 29.f3 b6 30.b4 bxc5 31.bxc5 Rc8 32.Rc1 Qa5 33.Bxf5 Rxf5 34.
Qe6 Rcf8 35.Qxg6 Rxf3 36.Rxe5 Qd2 37.Rce1 Qd4+ 38.Kg2 Qf2+ 39.Kh1 R3f6 40.
Qe4 Qxa2 41.Rh5+ Kg8 42.Qh7+ Kf7 43.Rhe5 1-0

[Event "24th ECh U20"]
[Site "Siofok HUN"]
[Date "1996.??.??"]
[Round "5"]
[White "Mifsud, Timothy"]
[Black "Belozerov, Andrei"]
[Result "0-1"]
[WhiteElo "2230"]
[BlackElo "2455"]
[EventDate "1996.08.30"]
[PlyCount "42"]

1.e4 e5 2.Nf3 Nc6 3.Bc4 Bc5 4.c3 Nf6 5.b4 Bb6 6.d3 d6 7.a4 a5 8.b5 Ne7 9.
O-O O-O 10.Nbd2 Ng6 11.Bb3 c6 12.bxc6 bxc6 13.d4 Bg4 14.Qc2 Re8 15.Re1 d5 
16.dxe5 Nxe5 17.Nd4 c5 18.Nb5 c4 19.Ba2 Nd3 20.Rf1 Nxe4 21.Nxe4 Rxe4 0-1

[Event "24th ECh U20"]
[Site "Siofok HUN"]
[Date "1996.??.??"]
[Round "5"]
[White "Lehmann, Zoltan"]
[Black "Antoniewski, Rafal"]
[Result "1/2-1/2"]
[WhiteElo "2285"]
[BlackElo "2350"]
[EventDate "1996.08.30"]
[PlyCount "87"]

1.d4 Nf6 2.c4 g6 3.Nc3 Bg7 4.e4 d6 5.Nf3 O-O 6.Be2 e5 7.O-O Qe8 8.dxe5 
dxe5 9.Be3 b6 10.h3 Bb7 11.Qc2 Na6 12.a3 c6 13.b4 Nd7 14.Rad1 Qe7 15.Nd2 
Nc7 16.Nb3 Ne6 17.Bg4 Rfd8 18.Na4 Ndf8 19.c5 b5 20.Nb2 h5 21.Be2 Qc7 22.
Na5 Bf6 23.Rxd8 Rxd8 24.Rd1 Re8 25.Nd3 Bc8 26.Ne1 Be7 27.Nf3 f6 28.g3 g5 
29.Ne1 Ng7 30.Kh2 Be6 31.Ng2 Ng6 32.h4 gxh4 33.Nxh4 Nxh4 34.gxh4 f5 35.Bh6
Bxh4 36.Rg1 Re7 37.Bxh5 fxe4 38.Qxe4 Bxf2 39.Rxg7+ Rxg7 40.Bxg7 Qxg7 41.
Qg2 Bd4 42.Bf3 Qxg2+ 43.Kxg2 Bb2 44.Nxc6 1/2-1/2

[Event "24th ECh U20"]
[Site "Siofok HUN"]
[Date "1996.??.??"]
[Round "5"]
[White "Mchedlishvili, Mikheil"]
[Black "Zavoronkov, Vladimir"]
[Result "1/2-1/2"]
[WhiteElo "2370"]
[BlackElo "2265"]
[EventDate "1996.08.30"]
[PlyCount "82"]

1.d4 Nf6 2.Nf3 e6 3.c4 b6 4.Nc3 Bb4 5.Bg5 h6 6.Bh4 g5 7.Bg3 Ne4 8.Qc2 Bb7 
9.Nd2 Bxc3 10.bxc3 f5 11.e3 d6 12.Nxe4 Bxe4 13.Qd1 Qf6 14.f3 Bc6 15.Bd3 
Nd7 16.Qc2 O-O-O 17.O-O-O Rdf8 18.e4 Bb7 19.Qa4 e5 20.Bc2 fxe4 21.fxe4 h5 
22.Rd2 h4 23.Bf2 h3 24.gxh3 Qf3 25.Re1 Qxc3 26.Qb3 Rxh3 27.Be3 exd4 28.
Bxd4 Qxb3 29.axb3 Rh4 30.Rg2 Re8 31.Rxg5 Rxh2 32.Rg7 Rf8 33.e5 dxe5 34.
Bxe5 Rh1 35.Rxh1 Bxh1 36.Bg3 Bf3 37.b4 Bh5 38.c5 bxc5 39.bxc5 Rf7 40.Rxf7 
Bxf7 41.Bf5 c6 1/2-1/2

[Event "24th ECh U20"]
[Site "Siofok HUN"]
[Date "1996.??.??"]
[Round "5"]
[White "Delemarre, Jop"]
[Black "Moor, Roger"]
[Result "1/2-1/2"]
[WhiteElo "2360"]
[BlackElo "2240"]
[EventDate "1996.08.30"]
[PlyCount "31"]

1.d4 Nf6 2.Nf3 g6 3.Bg5 Bg7 4.Nbd2 d6 5.e4 O-O 6.Bd3 c5 7.dxc5 dxc5 8.O-O 
Nc6 9.Re1 Nd7 10.c3 Nde5 11.Bf1 Qc7 12.Qc2 Nxf3+ 13.Nxf3 Be6 14.Bh4 Ne5 
15.Be2 Nxf3+ 16.Bxf3 1/2-1/2

[Event "24th ECh U20"]
[Site "Siofok HUN"]
[Date "1996.??.??"]
[Round "5"]
[White "Del Rio Angelis, Salvador Gabriel"]
[Black "Praet, Maarten"]
[Result "1-0"]
[WhiteElo "2325"]
[BlackElo "2235"]
[EventDate "1996.08.30"]
[PlyCount "37"]

1.e4 c5 2.Nf3 g6 3.d4 cxd4 4.Nxd4 Bg7 5.Nc3 Nc6 6.Nb3 Bxc3+ 7.bxc3 Nf6 8.
Bd3 d5 9.exd5 Qxd5 10.O-O O-O 11.c4 Qd6 12.h3 e5 13.Bg5 Nd7 14.Qf3 Nd4 15.
Nxd4 Qxd4 16.Rfd1 Qc3 17.Rab1 Re8 18.Be3 f5 19.Qd5+ 1-0

[Event "24th ECh U20"]
[Site "Siofok HUN"]
[Date "1996.??.??"]
[Round "5"]
[White "Sirigos, Nikolaos"]
[Black "Schacher, Gerd"]
[Result "0-1"]
[WhiteElo "2290"]
[BlackElo "2235"]
[EventDate "1996.08.30"]
[PlyCount "128"]

1.e4 c5 2.Nf3 d6 3.d4 cxd4 4.Nxd4 Nf6 5.Nc3 a6 6.f4 Qc7 7.Bd3 g6 8.Nf3 
Nbd7 9.a4 Bg7 10.O-O b6 11.Qe1 Bb7 12.Kh1 Nc5 13.Bd2 O-O 14.b4 Nxd3 15.
cxd3 Rac8 16.Rc1 Qd8 17.Qf2 e5 18.f5 d5 19.Bg5 dxe4 20.dxe4 Qd3 21.Bxf6 
Rxc3 22.Rxc3 Qxc3 23.Bxg7 Kxg7 24.f6+ Kh8 25.Qh4 Qe3 26.Re1 Qf4 27.Qxf4 
exf4 28.Ne5 h6 29.Nc4 Rc8 30.Nd6 Rc7 31.Nxb7 Rxb7 32.h3 g5 33.Kg1 Kh7 34.
Kf2 Kg6 35.e5 Kf5 36.Kf3 Rd7 37.b5 axb5 38.axb5 Rd3+ 39.Kf2 Ke6 40.Rc1 
Kxe5 41.Rc7 Ke6 42.Ke2 Rd6 43.Rb7 Kxf6 44.Kf3 h5 45.h4 Rd3+ 46.Kf2 Rd6 47.
hxg5+ Kxg5 48.Rxf7 Rd4 49.Kf3 Rd3+ 50.Kf2 Rb3 51.Rf8 Rxb5 52.Rg8+ Kf5 53.
Rf8+ Ke4 54.Re8+ Re5 55.Rb8 b5 56.Rd8 Rd5 57.Re8+ Kd3 58.Kf3 b4 59.Kxf4 b3
60.Rb8 Kc2 61.Rc8+ Kb1 62.Ke4 Ra5 63.Kd3 b2 64.Rf8 Ka1 0-1

[Event "24th ECh U20"]
[Site "Siofok HUN"]
[Date "1996.??.??"]
[Round "5"]
[White "Nilsson, Mattias"]
[Black "Quinn, Mark"]
[Result "0-1"]
[WhiteElo "2145"]
[BlackElo "2350"]
[EventDate "1996.08.30"]
[PlyCount "60"]

1.d4 d6 2.c4 g6 3.e4 Bg7 4.Nf3 Bg4 5.Be2 Nc6 6.Be3 e5 7.d5 Bxf3 8.Bxf3 Nd4
9.Nc3 Ne7 10.h4 h5 11.g3 c6 12.O-O Qb6 13.Rb1 Qb4 14.Be2 O-O 15.Qd2 Rac8 
16.a3 Qb3 17.Rfc1 f5 18.Bg5 Bf6 19.Bh6 Rf7 20.c5 Nxe2+ 21.Qxe2 Rd8 22.dxc6
Nxc6 23.cxd6 Rxd6 24.Be3 Nd4 25.Bxd4 exd4 26.exf5 dxc3 27.bxc3 Qd5 28.Rd1 
Qxf5 29.Qe8+ Rf8 30.Qxg6+ Qxg6 0-1